Normal view
MARC view
Entry Personal Name
001 - CONTROL NUMBER
- control field: 28104
003 - CONTROL NUMBER IDENTIFIER
- control field: dpl
005 - DATE AND TIME OF LATEST TRANSACTION
- control field: 20110513161816.0
008 - FIXED-LENGTH DATA ELEMENTS
- fixed length control field: 110513|||a|||||| | ||| d
040 ## - CATALOGING SOURCE
- Original cataloging agency: dpl
- Transcribing agency: dpl
100 ## - HEADING--PERSONAL NAME
- Personal name: शर्मा, महेन्द्र
670 ## - SOURCE DATA FOUND
- Source citation: Work cat.: (dpl)27388: शर्मा, महेन्द्र , ऐसा भी होता है :, 2008
670 ## - SOURCE DATA FOUND
- Source citation: Work cat.: (dpl)27388: शर्मा, महेन्द्र , ऐसा भी होता है :, 2008
